I Almost Do lyrics - Statistics

General Stats
  • This quiz has been taken 140 times
  • The average score is 238 of 275
Answer Stats
Lyrics % Correct
a
100%
almost
100%
do
100%
I
100%
you
97%
you,
97%
And
93%
and
93%
me
93%
the
93%
to
93%
in
92%
that
92%
ever
90%
every
90%
It
90%
it
90%
just
90%
no
90%
time
90%
don't,
89%
not
89%
this
89%
your
89%
you're
89%
You're
89%
call
88%
know
88%
could
86%
everything
86%
out
86%
out,
86%
takes
85%
tell
85%
hope
83%
night
83%
of
83%
we
83%
wish
83%
at
82%
'Cause
82%
run
82%
up
82%
by
81%
can't
79%
if
79%
on
79%
still
79%
wanna
79%
bet
78%
'bout
78%
never
78%
city
76%
looking
76%
my
76%
say,
76%
think
76%
window
76%
wonder
76%
from
75%
sittin'
75%
there's
75%
each
74%
reach
74%
another
72%
hard
72%
long
72%
sometimes
72%
week
72%
with
72%
chair
71%
goodbye
71%
It's
71%
or
71%
risk
71%
tired
71%
"Hello,"
69%
occurred
69%
hate
68%
off
68%
reply
68%
again
67%
moved
67%
Oh,
67%
try
67%
asking
64%
probably
64%
babe
63%
babe,
63%
way
63%
better
61%
dreams
61%
either
61%
mess,
61%
face
60%
made
60%
touching
60%
quite
58%
confess,
56%
must
21%
No matching quizzes found
Score Distribution
Percent of People with Each Score
Percentile by Number Answered
Your Score History
You have not taken this quiz